Chinese Provinces with Cardinal Directions in Their Name (on a Map) - Statistics

General Stats
  • This quiz has been taken 62 times
  • The average score is 11 of 13
Answers on the Map
Answers color-coded by a green-red scale on the quiz's map according to % correct below.
 
Answer Stats
Type of Subdivision Approximate Meaning Province % Correct
Municipality Northern Capital Beijing
95%
Province Eastern Expanse Guangdong
95%
Province South of the Sea (referring to the Qiongzhou Strait) Hainan
95%
Province North of the Yellow River Hebei
90%
Province North of [Dongting] Lake Hubei
87%
Province Unknown; possibly "South of the Yun Mountains" Yunnan
87%
Province East of the [Taihang] Mountains Shandong
85%
Autonomous Region Western Expanse Guangxi
82%
Province South of the Yellow River Henan
82%
Province South of [Dongting] Lake Hunan
79%
Province West of Shan Pass Shaanxi
79%
Province West of the [Taihang] Mountains Shanxi
79%
Province Western Jiangnan (the region south of the lower Yangtze) Jiangxi
74%
No matching quizzes found
Score Distribution
Percent of People with Each Score
Percentile by Number Answered
Your Score History
You have not taken this quiz